Membres de l'Association des nations de l'Asie du Sud-Est 6 (ASEAN 6) - Statistiques

Statistiques générales
  • Ce quiz a été pris 36 fois
  • Le résultat moyen est 15 sur 16
Statistiques - réponses
Association rejointe Date d'adhésion Membres % Correct
ASEAN +3 1995 Chine
100%
ASEAN 1997 Laos
100%
ASEAN 1967 Thaïlande
100%
ASEAN 1995 Vietnam
100%
ASEAN 1999 Cambodge
97%
ASEAN 1967 Indonésie
97%
ASEAN 1967 Malaisie
97%
ASEAN 1967 Singapour
97%
ASEAN +3 1995 Japon
93%
ASEAN 1967 Philippines
93%
ASEAN 1984 Bruneï
90%
ASEAN +3 1995 Corée du Sud
90%
ASEAN 1997 Myanmar
90%
ASEAN 6 2002 Inde
87%
ASEAN 6 2002 Australie
73%
ASEAN 6 2002 Nouvelle-Zélande
73%
Aucun quiz correspondant
Distribution des résultats
% des personnes avec chaque résultat
Percentile par nombre de réponses
Votre historique - résultats
Vous n’avez pas pris ce quiz